000 00372nam a2200145Ia 4500
008 090124s9999 xx 000 0 und d
082 _b302877
245 _a भूल
250 _a1
260 _bबांदोडकर व.पु./बांदोडकर गो.पु.
_c1994
300 _a205
630 _a भूल
730 _a भूल
942 _cBOOK
999 _c192514
_d192514